000 00666nam a2200205 a 4500
001 000028286
005 20240307073947.0
008 110407s1974 dr 000 0 spa d
040 _aDO-SdBNP
_bspa
_cBNPHU
082 _axxx
_bS211g
100 1 _aSánchez Fernández, José A.
_945403
245 1 3 _aEl golpe del 9 de junio de 1844 /
_cJosé A. Sánchez Fernández.
260 _aSanto Domingo :
_bUASD,
_c1974.
300 _a31 p. ;
_c22 cm.
490 1 _aConferencia
_vno. 21
_vv. 174
500 _aIncluye notas al pie de las páginas
710 1 _aUniversidad Autónoma de Santo Domingo
_972951
830 0 _aConferencia
_nno. 21
_vv. 174
_955282
049 _aBNPD
999 _c27778
_d27778